000
00509nam a2200181Ia 4500
008
090124s9999 xx 000 0 und d
082
_b
9537
100
_a
साधले आनंद
245
_a
रसमुग्धा
250
_a
1
260
_b
अमेय़ प्रकाशन
_c
1974
300
_a
158
600
_a
साधले आनंद
630
_a
रसमुग्धा
700
_a
साधले आनंद
730
_a
रसमुग्धा
942
_c
BOOK
999
_c
85940
_d
85940